Départements qui bordent l'Italie - Statistiques

Statistiques générales
  • Ce quiz a été pris 8 638 fois
  • Le résultat moyen est 4 sur 5
Réponses sur la Carte
Les réponses sont colorées sur une échelle allant du rouge au vert en fonction du pourcentage des utilisateurs qui les ont devinées à leur premier essai. Vous pouvez retrouver ces pourcentages ci-dessous.
 
Statistiques - réponses
Département % Correct
73 Savoie
95%
6 Alpes-Maritimes
94%
74 Haute-Savoie
94%
5 Hautes-Alpes
87%
4 Alpes-de-Haute-Provence
81%
Aucun quiz correspondant
Distribution des résultats
% des personnes avec chaque résultat
Percentile par nombre de réponses
Votre historique - résultats
Vous n’avez pas pris ce quiz